Madrigueras : el mundo subterráneo del kalahari.

Guardado en:
Formato: Deslizar
Series:Paraíso Viviente
Materias:
Etiquetas: Agregar Etiqueta
Sin Etiquetas, Sea el primero en etiquetar este registro!
LEADER 01009ngm a22003015g 4500
001 CEM.cems021394
008 130507b1992##################0###0#####d
005 20240822153103.0
245 0 0 |a Madrigueras :  |b el mundo subterráneo del kalahari. 
300 |a 52 
490 0 |a Paraíso Viviente 
500 |a En soporte VHS, consultar en ventanilla. 
505 0 |a Pequeños animales de la región. Depredadores: hienas, ratas, oso hormiguero, puerco espín. La construcción de las cuevas. Insectos del desierto. Zorros. 
538 |a Soporte: VHS - Norma: Pal N - Color - Grabación Drd 1992 - Hitachi=2570. 
082 5 9 |. 5/BBC 
653 |a NIVEL PRIMARIO 
653 |a NIVEL SECUNDARIO 
653 |a ZOOLOGIA 
653 |a ECOLOGIA 
653 |a GEOGRAFIA 
653 |a AFRICA 
653 |a ANIMALES 
653 |a MADRIGUERAS 
653 |a KALAHARI 
653 |a GEOLOGIA 
653 |a DESIERTOS 
653 |a DEPREDADORES 
859 |a CEMS  |b BIB. CEMS - Depto. Recursos Didacticos  |h 591.5  |i BBC  |k DRD  |p 37.12  |t Ej.1